Library Banner

Sindh kay siyasi toofan/ (Record no. 99757)

MARC details
000 -LEADER
fixed length control field 00410nam a22001457a 4500
005 - DATE AND TIME OF LATEST TRANSACTION
control field 20171101133231.0
008 - FIXED-LENGTH DATA ELEMENTS--GENERAL INFORMATION
fixed length control field 171101b xxu||||| |||| 00| 0 eng d
040 ## - CATALOGING SOURCE
Transcribing agency PK-LaUMT
082 ## - DEWEY DECIMAL CLASSIFICATION NUMBER
Classification number PKAC 320.95498
Item number ALT-S
100 ## - MAIN ENTRY--PERSONAL NAME
Personal name Altaf Hasan Qureshi
245 ## - TITLE STATEMENT
Title Sindh kay siyasi toofan/
Statement of responsibility, etc Altaf Hasan Qureshi
260 ## - PUBLICATION, DISTRIBUTION, ETC. (IMPRINT)
Place of publication, distribution, etc لاہور:
Name of publisher, distributor, etc مکتبہ اردو ڈائجسٹ،
Date of publication, distribution, etc 1989
300 ## - PHYSICAL DESCRIPTION
Extent 191 ص
942 ## - ADDED ENTRY ELEMENTS (KOHA)
Koha item type Books
Holdings
Withdrawn status Lost status Damaged status Home library Current library Date acquired Full call number Barcode Date last seen Price effective from Koha item type
      UMT Main Campus UMT Main Campus 2017-11-01 PKAC 320.95498 ALT-S 115442 2017-11-01 2017-11-01 Books